|
|
|
|
| LEADER |
00000nam0a2200000 4500 |
| 001 |
328547 |
| 005 |
20231101024932.0 |
| 035 |
|
|
|a (RuTPU)RU\TPU\book\354247
|
| 090 |
|
|
|a 328547
|
| 100 |
|
|
|a 20170220d1975 k y0rusy50 ca
|
| 101 |
0 |
|
|a rus
|
| 102 |
|
|
|a RU
|
| 105 |
|
|
|a a z 001zy
|
| 200 |
1 |
|
|a Моделирование и оптимизация производственных процессов при добыче угля
|e [монография]
|f С. А. Кариман, А. В. Брайцев, В. М. Шрамко
|
| 210 |
|
|
|a Москва
|c Наука
|d 1975
|
| 215 |
|
|
|a 135 с.
|c ил.
|
| 320 |
|
|
|a Библиогр.: с. 134
|
| 606 |
1 |
|
|a Угледобыча
|x Технико-экономические показатели
|2 stltpush
|3 (RuTPU)RU\TPU\subj\62338
|
| 610 |
1 |
|
|a добыча
|
| 610 |
1 |
|
|a уголь
|
| 610 |
1 |
|
|a производственные процессы
|
| 610 |
1 |
|
|a моделирование
|
| 610 |
1 |
|
|a оптимизация
|
| 610 |
1 |
|
|a очистные забои
|
| 610 |
1 |
|
|a локомотивный транспорт
|
| 610 |
1 |
|
|a конвейерный транспорт
|
| 610 |
1 |
|
|a вентиляционно-газовый режим
|
| 610 |
1 |
|
|a монографии
|
| 675 |
|
|
|a 622.333.013
|v 4
|
| 700 |
|
1 |
|a Кариман
|b С. А.
|g Станислав Александрович
|
| 701 |
|
1 |
|a Брайцев
|b А. В.
|g Андрей Васильевич
|
| 701 |
|
1 |
|a Шрамко
|b В. М.
|g Владимир Михайлович
|
| 801 |
|
1 |
|a RU
|b 63413507
|c 20170220
|
| 801 |
|
2 |
|a RU
|b 63413507
|c 20170227
|g RCR
|
| 942 |
|
|
|c BK
|